My journey with vadapav : (Record no. 170685)

MARC details
000 -LEADER
fixed length control field 00529nam a2200181 4500
005 - DATE AND TIME OF LATEST TRANSACTION
control field 20191223112459.0
010 ## - LCCN (DPL NO)
LC control number ENG-127206
020 ## - INTERNATIONAL STANDARD BOOK NUMBER
International Standard Book Number 9789384061586
Terms of availability 299.00
035 ## - SYSTEM CONTROL NUMBER
System control number EN-110738
037 ## - SOURCE OF ACQUISITION
Source of stock number/acquisition DBAD/PUB
082 ## - DEWEY DECIMAL CLASSIFICATION NUMBER
Classification number 658
100 ## - MAIN ENTRY--PERSONAL NAME
Personal name Iyer,Venkatraghvan
245 ## - TITLE STATEMENT
Title My journey with vadapav :
Statement of responsibility, etc by Venkatesh Iyer
260 ## - PUBLICATION, DISTRIBUTION, ETC. (IMPRINT)
Place of publication, distribution, etc New Delhi
Name of publisher, distributor, etc TV 18 Broadcast
Date of publication, distribution, etc 2016
270 ## - ADDRESS
Address 507, Prabhat Kiran, 17, Rajendra Place
City New Delhi
Postal code 110008
300 ## - PHYSICAL DESCRIPTION
Extent 181p.
Dimensions 20cm(Hb)
942 ## - ADDED ENTRY ELEMENTS (KOHA)
Source of classification or shelving scheme Dewey Decimal Classification
Item type English Books
Classification part 658
Call number suffix IYE
Holdings
Withdrawn status Lost status Not for loan Collection code Home library Current library Date acquired Source of acquisition Cost, normal purchase price Full call number Barcode Copy number Cost, replacement price Koha item type
      Non-fiction Ashok Vihar Ashok Vihar 23/12/2019 DBAD/PUB 299.00 658 IYE EN-110738 1 299.00 English Books

© Delhi Public Library
Hit Counter
free hit counter